Avengers: Infinity War - Casting ou Pas ? (Mort Subite) - Statistiques

Statistiques générales
  • Ce quiz a été pris 619 fois
  • Le résultat moyen est 5 sur 16
Answers on the Grid
Answers color-coded by a green-red scale on the quiz's grid according to % correct below.
Iron Man
Thor
Captain America
Doctor Strange
Black Panther
Star-Lord
Mantis
War Machine
Shuri
Ebony Maw
Corvus Glaive
Eitri
Heimdall
Maria Hill
Spider-Man
Winter Soldier
Hawkeye
Ant-Man
Valkyrie
Korg
Nakia
Sharon Carter
Happy Hogan
Deadpool
Adam Warlock
Nova
Captain Marvel
Quicksilver
Hela
Captain Britain
 
Statistiques - réponses
Réponse % Correct
Iron Man
49%
Thor
46%
Captain America
45%
Spider-Man
42%
Star-Lord
42%
Black Panther
41%
Doctor Strange
41%
Mantis
31%
Winter Soldier
31%
War Machine
29%
Shuri
23%
Heimdall
18%
Ebony Maw
14%
Maria Hill
13%
Corvus Glaive
11%
Eitri
8%
Aucun quiz correspondant
Distribution des résultats
% des personnes avec chaque résultat
Percentile par nombre de réponses
Votre historique - résultats
Vous n’avez pas pris ce quiz